000 00484cam a22001814a 4500
005 20250605164249.0
008 250528s ||||||||||||||||||||||||d
035 _a21654
040 _aGR-AtMCL
_bgre
_dGR-AtMCL
_eAACR2
245 1 _aΕΓΧΕΙΡΙΔΙΟ ΔΗΜΟΣΙΩΝ ΣΧΕΣΕΩΝ
250 _a6
260 _bΠαπαζήση,
_c1984
300 _a225
700 1 _aΜαγκλιβερας Διονυσης Κ
_97592
942 _cBK
999 _c6715
_d6715